Statistiques concernant Quiz Logo Voitures

Cliquez ici pour prendre le quiz!

Statistiques générales

  • Ce quiz a été pris 883 fois
    (797 depuis la dernière actualisation)
  • Le résultat moyen est 41 sur 69

Statistiques - réponses

Réponse% Correct
citroen
99%
audi
98%
bmw
97%
ferrari
97%
mercedes
97%
toyota
97%
honda
95%
porsche
95%
renault
95%
tesla
95%
ford
94%
jaguar
94%
lamborghini
94%
opel
93%
peugeot
93%
mini
92%
nissan
92%
chevrolet
91%
suzuki
90%
skoda
89%
land rover
88%
volkswagen
88%
hyundai
87%
bentley
86%
kia
85%
mazda
83%
rolls royce
82%
bugatti
81%
maserati
81%
aston martin
80%
mitsubishi
80%
smart
77%
subaru
75%
dacia
70%
alpine
68%
mclaren
66%
abarth
65%
cadillac
65%
corvette
64%
cupra
64%
dodge
64%
lotus
60%
lancia
54%
ktm
53%
infiniti
52%
brabus
49%
koenigsegg
44%
shelby
43%
pagani
38%
maybach
32%
pontiac
31%
saab
27%
lincoln
23%
buick
17%
vauxhall
16%
daewoo
11%
ssangyong
11%
ariel
10%
hennessey
9%
polestar
9%
saleen
9%
pininfarina
8%
w motors
7%
noble
6%
mosler
4%
polaris
3%
rimac
3%
spania gta
2%
hopium
1%

Distribution des résultats

Percentile par nombre de réponses

% des personnes avec chaque résultat

Votre développement - résultats

Vous n’avez pas pris ce quiz depuis la dernière actualisation